000 01510cam a22003977a 4500
001 14825080
003 OSt
005 20180116192411.0
008 070427s2007 gw abe b 000 0 eng d
010 _a 2007927873
016 7 _a984370528
_2GyFmDB
020 _a9783791337814 (dust jkt. ed.)
020 _a3791337815 (dust jkt. ed.)
035 _a(OCoLC)ocn166214221
040 _aOHX
_cOHX
_dBAKER
_dYDXCP
_dBTCTA
_dTXA
_dDLC
042 _alccopycat
050 0 0 _aNA380
_b.J63 2007
072 7 _aNA
_2lcco
082 _a720.917671
100 1 _aJodidio, Philip.
_95942
245 1 0 _aUnder the eaves of architecture :
_bthe Aga Khan : builder and patron /
_cPhilip Jodidio.
246 3 0 _aAga Khan :
_bbuilder and patron
260 _aMunich ;
_aNew York :
_bPrestel,
_cc2007.
300 _a214 p. :
_bill. (some col.), col. maps, plans ;
_c29 cm.
504 _aIncludes bibliographical references.
600 0 0 _aAga Khan
_bIV,
_d1936-
_xArt patronage.
_95943
610 2 0 _aAga Khan Award for Architecture (Organization)
_95944
610 2 0 _aAga Khan Program for Islamic Architecture.
_95945
650 1 0 _aIslamic architecture.
_95946
650 1 0 _aArchitecture, Modern
_y20th century.
_95947
650 1 0 _aArchitecture, Modern
_y21st century.
_95948
906 _a7
_bcbc
_ccopycat
_d2
_encip
_f20
_gy-gencatlg
942 _2ddc
_cBK
999 _c353549
_d353549